Guessing the Taylor Swift Song 20 - Statistics

General Stats
  • This quiz has been taken 30 times
  • The average score is 259 of 391
Answer Stats
Answer % Correct
I
100%
You
100%
you
100%
the
96%
to
96%
To
96%
a
92%
in
92%
In
92%
it
92%
when
92%
When
92%
your
92%
Your
92%
you're
92%
You're
92%
and
88%
And
88%
be
88%
go
88%
is
88%
It's
88%
like
88%
love
88%
so
88%
they
88%
we
88%
can
85%
do
85%
of
85%
Who
85%
who
85%
don't
81%
on
81%
then
81%
all
77%
know
77%
say
77%
Was
77%
was
77%
at
73%
At
73%
but
73%
But
73%
For
73%
hi
73%
she
73%
this
73%
This
73%
what
73%
Cause
69%
didn't
69%
friends
69%
had
69%
night
69%
one
69%
out
69%
some
69%
you'll
69%
could
65%
gonna
65%
got
65%
tell
65%
them
65%
up
65%
as
62%
As
62%
him
62%
his
62%
just
62%
look
62%
think
62%
day
58%
first
58%
I've
58%
mine
58%
they're
58%
back
54%
Back
54%
before
54%
believe
54%
best
54%
boy
54%
fifteen
54%
fifteen,
54%
Fifteen
54%
head
54%
now
54%
Somebody
54%
than
54%
Well
54%
We'll
54%
car
50%
life
50%
nothing
50%
take
50%
Take
50%
tells
50%
time
50%
Abigail
46%
here
46%
la
46%
la...
46%
next
46%
things
46%
those
46%
very
46%
walk
46%
ain't
42%
around,
42%
boys
42%
class
42%
dreams
42%
four
42%
girl
42%
he's
42%
kiss
42%
named
42%
room
42%
sit
42%
soon
42%
There's
42%
thinking
42%
through
42%
wanted
42%
way
42%
will
42%
Wish
42%
breath
38%
changed
38%
ends
38%
everything
38%
Feeling
38%
feeling
38%
football
38%
freshman
38%
gave
38%
Makes
38%
Marry
38%
Redhead
38%
seen
38%
ten,
38%
while
38%
year
38%
years
38%
bigger
35%
both
35%
cool
35%
count
35%
cried
35%
date
35%
deep
35%
enough
35%
girls
35%
greater
35%
haven't
35%
mind
35%
senior
35%
someday
35%
spin
35%
supposed
35%
team
35%
town
35%
dancing
31%
Dating
31%
doors
31%
everybody's
31%
figure
31%
heal
31%
morning
31%
yourself
31%
Hoping
27%
realized
27%
'round
27%
stay
27%
Try
27%
fall
23%
flying
23%
Forget
23%
Laughing
23%
might
23%
most
23%
other
23%
waiting
23%
wink
23%
find
19%
swore
19%
anything
15%
mama's
15%
found
12%
No matching quizzes found
Score Distribution
Percent of People with Each Score
Percentile by Number Answered
Your Score History
You have not taken this quiz